000 00216 a2200097 4500
001 57030
100 _a
245 _aSavage Border (Story of NWFP)
260 _auk
_bSutton pub
_c2007
090 _c34954
_d34954
942 _aNUST-CAE
_cMONOGRAPH
_c27729
999 _c292103
_d292103